00606nam a22002177a 450000500170000001000130001702000220003003500130005203700160006504000120008108200180009310000220011124500400013324600060017326000510017927000720023030000300030250000210033265000180035365000170037120170124105953.0 aA-825740 c00.00a8185027323 aA-825740 bCen Lib/Ret aDPLbEN a333.7923bBAN aBandyopadhyay, S. aSolar energy /cby S. Bandyopadhyay b  bUniversal Publishing CorporationaBombayc1996 a534 Kalbadevi Road, Dhobi Talao, Opp. Metro Cinema bBombaye400002 ax,117p. :c22cm(Hb)bill. aIncludes index.  aEnergy policy aSolar energy